[Event "Niteroi Carvalho Memorial"]
[Site "Niteroi"]
[Date "2023.11.05"]
[Round "5"]
[White "Da Rocha, Joao Batista Jose"]
[Black "Cunha, Luiz Henrique Perei"]
[Result "0-1"]
[WhiteElo "1663"]
[BlackElo "1800"]
[PlyCount "84"]
[EventDate "2023.11.02"]
[EventType "swiss"]
[EventRounds "6"]
[EventCountry "BRA"]
[SourceTitle "CB49_2023"]
[SourceDate "2023.12.06"]
[SourceVersion "1"]
[SourceVersionDate "2023.12.06"]
[SourceQuality "1"]

1. d4 Nf6 2. c4 g6 3. Nf3 Bg7 4. g3 0-0 5. Bg2 d6 6. 0-0 Nc6 7. d5 Nb4 8. a3 Na6 9. Nc3 Bd7 10. Re1 Nc5 11. e4 c6 12. e5 dxe5 13. Nxe5 Bf5 14. dxc6 Qxd1 15. Rxd1 bxc6 16. Nxc6 Rae8 17. Nd4 Bd3 18. b4 Nb3 19. Nxb3 Bc2 20. Re1 Bxb3 21. Rb1 Bxc4 22. Be3 Ng4 23. Nd5 Bxd5 24. Bxd5 Nxe3 25. Rxe3 Rd8 26. Bc6 e6 27. b5 Rd2 28. Rbb3 Rfd8 29. Kg2 R8d6 30. h4 h5 31. a4 Ra2 32. Ra3 Rdd2 33. Rxa2 Rxa2 34. Re4 Bf8 35. Rc4 Bd6 36. Bf3 Kf8 37. Rc6 Ke7 38. Rc4 Kf6 39. Bc6 Ke7 40. g4 hxg4 41. Rxg4 Bc5 42. Rf4 f5 0-1

[Event "Rio de Janeiro Padua Memorial 4th"]
[Site "Rio de Janeiro"]
[Date "2019.10.13"]
[Round "5"]
[White "Hubner, Jessica Trindade"]
[Black "Da Rocha, Joao Batista Jose"]
[Result "1-0"]
[WhiteElo "1728"]
[BlackElo "1832"]
[PlyCount "95"]
[EventDate "2019.10.11"]
[EventType "swiss"]
[EventRounds "5"]
[EventCountry "BRA"]
[SourceTitle "CBM 192 Extra"]
[Source "Chessbase"]
[SourceDate "2019.11.06"]
[SourceVersion "1"]
[SourceVersionDate "2019.11.06"]
[SourceQuality "1"]

1. e4 c5 2. Nf3 d6 3. d4 cxd4 4. Nxd4 Nf6 5. Nc3 a6 6. Be2 e5 7. Nb3 Be6 8. 0-0 Nbd7 9. Bg5 Be7 10. f4 Qc7 11. f5 Bc4 12. Bd3 Rc8 13. Be3 h5 14. h3 Bxd3 15. cxd3 Nc5 16. Rc1 Nxb3 17. Qxb3 Qb8 18. Nd5 Nxd5 19. Qxd5 Bf6 20. Rxc8+ Qxc8 21. Qxd6 Qd7 22. Qb8+ Bd8 23. Qxe5+ Kf8 24. Bc5+ Kg8 25. Qd6 Qe8 26. e5 b6 27. Ba3 Kh7 28. e6 fxe6 29. fxe6 Bf6 30. Qxb6 Qg6 31. Qe3 Re8 32. e7 Kh8 33. d4 Bg5 34. Qf3 Kh7 35. Qf7 Bf6 36. Qxg6+ Kxg6 37. Bc5 Bxe7 38. Re1 Kf7 39. Rxe7+ Rxe7 40. Bxe7 Kxe7 41. Kf2 Ke6 42. Ke3 Kd5 43. b4 Kc4 44. a3 Kb3 45. d5 Kxa3 46. d6 Kxb4 47. d7 a5 48. d8Q 1-0

[Event "Rio de Janeiro Estadual-ch"]
[Site "Rio de Janeiro"]
[Date "2019.09.28"]
[Round "1"]
[White "Guimaraes, Wagner Peixoto"]
[Black "Da Rocha, Joao Batista Jose"]
[Result "1-0"]
[WhiteElo "2216"]
[BlackElo "1857"]
[PlyCount "95"]
[EventDate "2019.09.28"]
[EventType "swiss"]
[EventRounds "6"]
[EventCountry "BRA"]
[SourceTitle "EXT 2020"]
[Source "ChessBase"]
[SourceDate "2019.10.17"]
[SourceVersion "1"]
[SourceVersionDate "2019.10.17"]
[SourceQuality "1"]

1. Nf3 Nf6 2. c4 e6 3. g3 d5 4. d4 b6 5. Bg2 Bb7 6. 0-0 Be7 7. Nc3 0-0 8. Bf4 dxc4 9. Qa4 Nd5 10. Qxc4 Nxf4 11. gxf4 Nd7 12. Rfd1 Nf6 13. Ne5 Bxg2 14. Kxg2 Nd5 15. e3 Bf6 16. Nc6 Qd7 17. Ne4 a6 18. Rac1 b5 19. Qe2 Kh8 20. Kh1 Bd8 21. Rg1 f5 22. Ne5 Qe8 23. Ng5 Bxg5 24. Rxg5 c5 25. Rxc5 Rc8 26. Qc2 Rxc5 27. Qxc5 Nf6 28. Qc7 g6 29. Rg1 Ng4 30. Nxg4 fxg4 31. Rxg4 Qa8+ 32. Rg2 Kg8 33. Qe5 Qc6 34. Qc5 Qb7 35. h3 Rc8 36. Qe5 Rc1+ 37. Kh2 Kf7 38. e4 Re1 39. f3 Qc8 40. f5 Qc1 41. fxe6+ Kg8 42. e7 Rh1+ 43. Kg3 Qe1+ 44. Kg4 h5+ 45. Kg5 Qc1+ 46. Kxg6 Qc6+ 47. Kxh5+ Kf7 48. Rg7+ 1-0